[Event "Dos Hermanas-A"]
[Site "Dos Hermanas"]
[Date "2005.04.08"]
[Round "8"]
[White "Rustemov, Alexander"]
[Black "Korneev, Oleg"]
[Result "1-0"]
[WhiteElo "2573"]
[BlackElo "2611"]
[PlyCount "123"]
[EventDate "2005.04.01"]
[EventType "tourn"]
[EventRounds "9"]
[EventCountry "ESP"]
[EventCategory "16"]
[Source "ChessBase"]
[SourceDate "2005.05.28"]

1. d4 Nf6 2. c4 e6 3. Nc3 c5 4. d5 exd5 5. cxd5 d6 6. e4 g6 7. Bd3 Bg7 8. h3 a6
9. a4 O-O 10. Nf3 Nh5 11. O-O Nd7 12. Be3 Re8 13. Qd2 b6 14. Rfe1 Ra7 15. Rad1
Ne5 16. Be2 Nd7 17. Bc4 Ne5 18. Be2 Nd7 19. Qc2 Qe7 20. Nd2 Qh4 21. Nc4 Bf8 22.
Qd2 f6 23. Bg4 Ne5 24. Nxe5 dxe5 25. g3 Nxg3 26. fxg3 Qxg3+ 27. Qg2 Qxg2+ 28.
Kxg2 Bd6 29. Bxc8 Rxc8 30. Kf3 Kf7 31. Nb1 Rb7 32. Nd2 c4 33. Ra1 Ke7 34. Rec1
b5 35. axb5 axb5 36. Ra6 Kd7 37. Ke2 Ke7 38. h4 h5 39. Rg1 Rg8 40. Rc6 Rbb8 41.
Ra1 Ra8 42. Rxa8 Rxa8 43. Bc5 Bxc5 44. Rxc5 Rb8 45. Rc7+ Kd6 46. Rf7 f5 47. Ke3
f4+ 48. Ke2 Ra8 49. Rf6+ Kc5 50. Nf3 Ra2 51. Rc6+ Kb4 52. Nxe5 Rxb2+ 53. Kf3
Rd2 54. Kxf4 c3 55. Ke3 Kb3 56. d6 Kc2 57. d7 b4 58. Rc8 Rxd7 59. Nxd7 b3 60.
Nc5 b2 61. Rb8 Kb1 62. Na4 1-0

[Event "CUB-ch KO 7th-8th"]
[Site "Santa Clara"]
[Date "2006.04.10"]
[Round "3.1"]
[White "Arencibia, Walter"]
[Black "Vera, Reynaldo"]
[Result "1/2-1/2"]
[WhiteElo "2535"]
[BlackElo "2516"]
[PlyCount "53"]
[EventDate "2006.04.04"]
[EventType "k.o."]
[EventRounds "3"]
[EventCountry "CUB"]
[Source "ChessBase"]
[SourceDate "2006.05.09"]

1. d4 Nf6 2. c4 c5 3. d5 e6 4. Nc3 exd5 5. cxd5 d6 6. e4 g6 7. f4 Bg7 8. Nf3
O-O 9. Be2 Re8 10. e5 dxe5 11. fxe5 Ng4 12. Bg5 Qb6 13. O-O Nxe5 14. Nxe5 Bxe5
15. Bc4 Bf5 16. Nb5 a6 17. d6 axb5 18. Bxf7+ Kxf7 19. Rxf5+ gxf5 20. Qh5+ Kf8
21. Bh6+ Bg7 22. Rf1 c4+ 23. Kh1 Qf2 24. Bxg7+ Kxg7 25. Qg5+ Kf8 26. Qh6+ Kg8
27. Qg5+ 1/2-1/2

[Event "RUS-chT 13th"]
[Site "Sochi"]
[Date "2006.04.25"]
[Round "6"]
[White "Vitiugov, Nikita"]
[Black "Gabrielian, Artur"]
[Result "1/2-1/2"]
[WhiteElo "2550"]
[BlackElo "2520"]
[PlyCount "115"]
[EventDate "2006.04.20"]
[EventType "team"]
[EventRounds "11"]
[EventCountry "RUS"]
[Source "ChessBase"]
[SourceDate "2006.05.09"]

1. d4 Nf6 2. c4 c5 3. d5 e6 4. Nc3 exd5 5. cxd5 d6 6. Nf3 g6 7. Nd2 Nbd7 8. e4
Bg7 9. Be2 O-O 10. O-O Re8 11. Qc2 Ne5 12. a4 g5 13. Re1 Ng6 14. Nf1 Ng4 15.
Nd1 Qf6 16. Ra3 Nf4 17. Bxg4 Bxg4 18. Rg3 Bd7 19. b3 h6 20. Bb2 Qg6 21. Bxg7
Kxg7 22. Nc3 Re7 23. Rge3 Rae8 24. Nd2 a6 25. a5 Bb5 26. b4 c4 27. Nf1 Nd3 28.
Rb1 f5 29. exf5 Qxf5 30. Rbe1 Rxe3 31. Rxe3 Rxe3 32. Nxe3 Qe5 33. Qd2 h5 34. h3
Kf7 35. Nc2 Kf6 36. Ne3 Qf4 37. Qc2 Qe5 38. Qd2 Kg7 39. Nc2 Kf6 40. Ne3 Kf7 41.
Nc2 Nf4 42. Nd4 Ke7 43. Nde2 Nxe2+ 44. Nxe2 Kf6 45. Nc3 Bd7 46. f3 Bf5 47. b5
axb5 48. Nxb5 Bd3 49. Nc3 h4 50. Kh1 Kf5 51. Qc1 Qd4 52. Qd2 Qe5 53. Qc1 Kf6
54. Qd2 Kf7 55. Qb2 Qe7 56. Kh2 Qe5+ 57. Kh1 Kf6 58. Qd2 1/2-1/2

[Event "NOR-ch"]
[Site "Moss"]
[Date "2006.07.12"]
[Round "6"]
[White "Johannessen, Leif Erlend"]
[Black "Lie, Kjetil A"]
[Result "1-0"]
[WhiteElo "2555"]
[BlackElo "2536"]
[PlyCount "77"]
[EventDate "2006.07.08"]
[EventType "swiss"]
[EventRounds "9"]
[EventCountry "NOR"]
[Source "ChessBase"]
[SourceDate "2006.09.14"]

1. d4 Nf6 2. c4 c5 3. d5 e6 4. Nc3 exd5 5. cxd5 d6 6. Nf3 g6 7. Nd2 Bg7 8. e4
O-O 9. Be2 Re8 10. O-O Nbd7 11. a4 a6 12. Qc2 Ne5 13. Ra3 Rb8 14. a5 g5 15. Nd1
Ng6 16. Ne3 Nf4 17. Bd1 h5 18. f3 h4 19. Ndc4 N6h5 20. Rb3 b5 21. axb6 Bd4 22.
Bd2 Qf6 23. Bc3 Bd7 24. Qd2 Bb5 25. Rf2 Rec8 26. Bc2 Ng3 27. Bd1 Ngh5 28. Ra3
Ng7 29. Bb3 Ne8 30. Nf5 Bxc3 31. Qxc3 Qxc3 32. bxc3 Rd8 33. Ne7+ Kf8 34. Nc6
Nd3 35. Rd2 Nc1 36. Nxd8 Rxd8 37. Na5 Ne2+ 38. Kf2 Nxc3 39. Bc2 1-0

[Event "Taiyuan Scheveningen"]
[Site "Taiyuan"]
[Date "2006.07.15"]
[Round "6"]
[White "Vescovi, Giovanni P"]
[Black "Zhang Pengxiang"]
[Result "1/2-1/2"]
[WhiteElo "2619"]
[BlackElo "2622"]
[PlyCount "86"]
[EventDate "2006.07.10"]
[EventType "schev"]
[EventRounds "12"]
[EventCountry "CHN"]
[Source "ChessBase"]
[SourceDate "2006.10.02"]

1. d4 e6 2. c4 c5 3. d5 exd5 4. cxd5 d6 5. Nc3 Nf6 6. e4 g6 7. h3 Bg7 8. Nf3
O-O 9. Bd3 a6 10. a4 Nbd7 11. O-O Re8 12. Bf4 Qe7 13. Re1 Nh5 14. Bh2 Qf8 15.
Be2 Bh6 16. e5 dxe5 17. Nxe5 Nxe5 18. Bxh5 Bg7 19. Be2 c4 20. Bxe5 Rxe5 21.
Bxc4 Rxe1+ 22. Qxe1 Bd7 23. d6 Rc8 24. Ba2 Bxc3 25. bxc3 Qxd6 26. Rd1 Qc7 27.
Rd4 Re8 28. Qd2 Re7 29. Bd5 Bc6 30. Bxc6 Qxc6 31. Rd8+ Re8 32. a5 h5 33. c4
Rxd8 34. Qxd8+ Kg7 35. Qd4+ Qf6 36. Qd5 Qb2 37. g3 Kf8 38. Qd8+ Kg7 39. Qd5 Kf8
40. Kg2 Qb3 41. Qd8+ Kg7 42. Qd4+ Kf8 43. Qd8+ Kg7 1/2-1/2

[Event "Mitropa Cup"]
[Site "Brno"]
[Date "2006.09.08"]
[Round "2.2"]
[White "Jankovic, Alojzije"]
[Black "Simacek, Pavel"]
[Result "1/2-1/2"]
[WhiteElo "2525"]
[BlackElo "2500"]
[PlyCount "109"]
[EventDate "2006.09.07"]
[EventType "team"]
[EventRounds "9"]
[EventCountry "CZE"]
[Source "ChessBase"]
[SourceDate "2006.11.01"]
[WhiteTeam "CRO"]
[BlackTeam "CZE II"]
[WhiteTeamCountry "CRO"]
[BlackTeamCountry "CZE"]

1. d4 Nf6 2. c4 c5 3. d5 e6 4. Nc3 exd5 5. cxd5 d6 6. e4 g6 7. f4 Bg7 8. e5
Nfd7 9. Nb5 dxe5 10. Nd6+ Ke7 11. Nxc8+ Qxc8 12. Nf3 Re8 13. fxe5 Nxe5 14. Bb5
Nbd7 15. O-O Kf8 16. Nxe5 Rxe5 17. Bf4 c4 18. Qd4 Rh5 19. Qxc4 Qxc4 20. Bxc4
Rc8 21. Bb3 Bd4+ 22. Kh1 Be5 23. g4 Rh4 24. d6 Bxf4 25. Rxf4 f5 26. Raf1 Rc5
27. Be6 Ke8 28. gxf5 Rxf4 29. Rxf4 gxf5 30. Rxf5 Rc1+ 31. Kg2 Rd1 32. Rd5 Rxd5
33. Bxd5 Nc5 34. Kf3 Kd7 35. Bg8 h6 36. Kg4 Kxd6 37. Kh5 Ke5 38. Kxh6 Kf6 39.
h4 b6 40. h5 Nd3 41. Kh7 Nxb2 42. h6 Nd3 43. Bc4 Ne5 44. Kg8 Ng6 45. Bd3 Ne7+
46. Kf8 Ng6+ 47. Ke8 Ne5 48. Be4 b5 49. h7 Kg7 50. Kd8 b4 51. Kc7 Nc4 52. Bd3
Ne3 53. Kc6 Nd1 54. Kb5 Nc3+ 55. Kxb4 1/2-1/2

[Event "76th ch-UKR Final"]
[Site "Kharkiv UKR"]
[Date "2007.11.21"]
[Round "5"]
[White "Gasanov, E."]
[Black "Oleksienko, M."]
[Result "1-0"]
[WhiteElo "2503"]
[BlackElo "2587"]
[PlyCount "45"]
[EventDate "2007.11.17"]
[SourceDate "1999.07.01"]

1. d4 Nf6 2. c4 e6 3. Nc3 c5 4. d5 exd5 5. cxd5 d6 6. e4 g6 7. Bd3 Bg7 8. h3
O-O 9. Nf3 a6 10. a4 Re8 11. O-O Nh5 12. Re1 Nd7 13. g4 Nhf6 14. Bf4 Qc7 15.
Bc4 h5 16. e5 Nxe5 17. Bxe5 hxg4 18. Bxf6 Rxe1+ 19. Qxe1 Bxf6 20. Qe8+ Kg7 21.
hxg4 Bxg4 22. Qxa8 Qb6 23. Kg2 1-0

[Event "76th ch-UKR Final"]
[Site "Kharkiv UKR"]
[Date "2007.11.21"]
[Round "5"]
[White "Shishkin, Va UKR"]
[Black "Kononenko, Dmitry1"]
[Result "0-1"]
[WhiteElo "2530"]
[BlackElo "2513"]
[PlyCount "86"]
[EventDate "2007.11.17"]
[SourceDate "1999.07.01"]

1. d4 Nf6 2. c4 c5 3. d5 e6 4. Nc3 exd5 5. cxd5 d6 6. e4 g6 7. Bd3 Bg7 8. h3
O-O 9. Nf3 b5 10. Nxb5 Re8 11. Nd2 Nxd5 12. Nc4 Re6 13. O-O Nb4 14. Be2 Ba6 15.
Nc3 Nd7 16. Be3 Nb6 17. Nxb6 Qxb6 18. Re1 Rae8 19. Qd2 Bxe2 20. Rxe2 Nc6 21.
Rae1 Nd4 22. Bxd4 Bxd4 23. Nd5 Qb7 24. Qd3 f5 25. Qf3 fxe4 26. Rxe4 Rf8 27.
Ne7+ Kg7 28. Qxf8+ Kxf8 29. Rxe6 Be5 30. b3 Qd7 31. Nxg6+ hxg6 32. Rxg6 Qf5 33.
Rg4 d5 34. g3 d4 35. Rge4 Bd6 36. Re6 Qd5 37. R6e2 a5 38. Rd2 a4 39. Rd3 Bc7
40. Red1 Ba5 41. h4 Qe4 42. Kf1 Bc3 43. f3 Qe6 0-1

[Event "ch-CZE"]
[Site "Praha CZE"]
[Date "2007.02.15"]
[Round "10"]
[White "Babula, V."]
[Black "Simacek, P."]
[Result "1-0"]
[WhiteElo "2584"]
[BlackElo "2501"]
[PlyCount "55"]
[EventDate "2007.02.06"]
[SourceDate "1999.07.01"]

1. d4 Nf6 2. c4 e6 3. Nc3 c5 4. d5 exd5 5. cxd5 d6 6. e4 g6 7. h3 Bg7 8. Nf3
O-O 9. Bd3 b5 10. Nxb5 Re8 11. O-O Nxe4 12. Re1 a6 13. Na3 Nf6 14. Rxe8+ Nxe8
15. Bg5 Qc7 16. Qa4 Nf6 17. Nb5 Qd7 18. Re1 Bb7 19. Bxf6 Bxf6 20. Qf4 Be5 21.
Rxe5 axb5 22. Re1 Bxd5 23. Ng5 Kg7 24. Qd2 b4 25. Bxg6 hxg6 26. Qxd5 Ra6 27.
Qc4 d5 28. Qh4 1-0

[Event "Rapid Match"]
[Site "Negotino MKD"]
[Date "2007.02.15"]
[Round "5"]
[White "Kozul, Z."]
[Black "Nedev, T."]
[Result "1-0"]
[WhiteElo "2616"]
[BlackElo "2523"]
[PlyCount "83"]
[EventDate "2007.02.12"]
[SourceDate "1999.07.01"]

1. d4 Nf6 2. c4 e6 3. Nc3 c5 4. d5 exd5 5. cxd5 d6 6. e4 g6 7. h3 Bg7 8. Nf3
O-O 9. Bg5 Re8 10. Bd3 a6 11. a4 Nbd7 12. O-O h6 13. Bh4 Qe7 14. a5 g5 15. Bg3
Nh5 16. Bh2 Nf4 17. Bxf4 gxf4 18. Na4 Qf6 19. Rb1 Ne5 20. Nxe5 Rxe5 21. Nb6 Rb8
22. Qf3 Rg5 23. b4 h5 24. Nxc8 Rxc8 25. bxc5 dxc5 26. Bc4 Rc7 27. Rb6 Qe5 28.
Rfb1 Re7 29. d6 Rd7 30. Rxb7 Qxd6 31. Rxd7 Qxd7 32. Qxf4 Qe7 33. h4 Rg4 34.
Rb8+ Bf8 35. Qh6 Rg7 36. g3 Qe5 37. Rd8 Qe7 38. Qd2 Qf6 39. Qd5 Rg4 40. e5 Qg6
41. e6 Rd4 42. e7 1-0

[Event "Aeroflot Open"]
[Site "Moscow RUS"]
[Date "2007.02.16"]
[Round "3"]
[White "Belov, Vl"]
[Black "Jobava, Ba"]
[Result "1-0"]
[WhiteElo "2600"]
[BlackElo "2650"]
[PlyCount "85"]
[EventDate "2007.02.14"]
[SourceDate "1999.07.01"]

1. d4 Nf6 2. c4 e6 3. Nc3 c5 4. d5 exd5 5. cxd5 d6 6. e4 a6 7. a4 g6 8. Bd3 Bg7
9. h3 O-O 10. Nf3 Nbd7 11. Bf4 Re8 12. O-O Nh5 13. Bh2 Qe7 14. Re1 Qf8 15. Bf1
Rb8 16. g4 Nhf6 17. Nd2 Ne5 18. Be2 g5 19. f4 gxf4 20. Bxf4 Ng6 21. Bg3 Nd7 22.
Nc4 Bd4+ 23. Kh2 Nde5 24. Nb6 Qh6 25. Rf1 Be3 26. Rf6 Bg5 27. Nxc8 Bxf6 28.
Nxd6 Bh4 29. Qe1 Red8 30. Nf5 Bxg3+ 31. Qxg3 Qd2 32. h4 f6 33. Rd1 Qxb2 34. h5
Nf4 35. Qxf4 Qxc3 36. Nh6+ Kg7 37. g5 Rf8 38. Rg1 Qb2 39. gxf6+ Kh8 40. Rg2 Rg8
41. Nxg8 Rxg8 42. Rxg8+ Kxg8 43. Qg5+ 1-0

[Event "Open"]
[Site "Moscow RUS"]
[Date "2007.02.03"]
[Round "8"]
[White "Korotylev, A."]
[Black "Novikov, St"]
[Result "1/2-1/2"]
[WhiteElo "2615"]
[BlackElo "2535"]
[PlyCount "94"]
[EventDate "2007.01.27"]
[SourceDate "1999.07.01"]

1. d4 Nf6 2. c4 c5 3. d5 e6 4. Nc3 exd5 5. cxd5 d6 6. Nf3 g6 7. Nd2 Bg7 8. e4
O-O 9. Be2 Re8 10. O-O Nbd7 11. Qc2 Ne5 12. a4 Nh5 13. Bxh5 gxh5 14. Nd1 b6 15.
Ra3 Ba6 16. Rh3 h4 17. Ne3 Bd3 18. Qd1 Bxf1 19. Ndxf1 Ng6 20. Qg4 h5 21. Qf3
Qe7 22. Nd2 Rad8 23. g3 Qd7 24. Kg2 Qxa4 25. Qxh5 Qa1 26. Qd1 Bxb2 27. Bxb2
Qxb2 28. Nf5 b5 29. Nxh4 Ne7 30. Nf1 Kf8 31. Ne3 Qe5 32. Qf3 Qc3 33. Qf4 Qe5
34. Qf3 Qc3 35. e5 Qxe5 36. Nhf5 Nxf5 37. Nxf5 Re7 38. Rh4 Rc7 39. Re4 Qf6 40.
Qh5 b4 41. g4 Kg8 42. Nh6+ Kg7 43. Nf5+ Kg8 44. Nh6+ Kg7 45. Nf5+ Kg8 46. Re3
Qg6 47. Re4 Qf6 1/2-1/2

[Event "1st WMSG Rapid Ind"]
[Site "Beijing CHN"]
[Date "2008.10.06"]
[Round "6"]
[White "Socko, B."]
[Black "Leon Hoyos, M."]
[Result "1-0"]
[WhiteElo "2631"]
[BlackElo "2535"]
[PlyCount "75"]
[EventDate "2008.10.05"]
[SourceDate "1999.07.01"]

1. d4 Nf6 2. c4 e6 3. Nc3 c5 4. d5 exd5 5. cxd5 d6 6. e4 g6 7. Nf3 a6 8. a4 Bg4
9. h3 Bxf3 10. Qxf3 Bg7 11. Bf4 Qb6 12. Be2 Nh5 13. Bc1 Nd7 14. g4 Nhf6 15. O-O
O-O 16. a5 Qc7 17. Qg2 b5 18. g5 Ne8 19. f4 Bd4+ 20. Kh1 c4 21. Rd1 Nc5 22.
Rxd4 Nb3 23. Rd1 Nxa1 24. e5 Nb3 25. Be3 dxe5 26. d6 Nxd6 27. Nd5 Qb8 28. Ne7+
Kh8 29. Nc6 Qc7 30. Bb6 Qb7 31. Rxd6 exf4 32. Bg4 Rae8 33. Rd7 Qa8 34. Bf2 f5
35. Qd5 Re4 36. Bf3 Qe8 37. Rd8 Re1+ 38. Kg2 1-0

[Event "3rd NH"]
[Site "Amsterdam NED"]
[Date "2008.08.27"]
[Round "7"]
[White "Jussupow, Ar"]
[Black "Cheparinov, I."]
[Result "1/2-1/2"]
[WhiteElo "2587"]
[BlackElo "2687"]
[PlyCount "84"]
[EventDate "2008.08.20"]
[SourceDate "1999.07.01"]

1. d4 Nf6 2. c4 c5 3. d5 e6 4. Nc3 exd5 5. cxd5 d6 6. Nf3 g6 7. Bf4 a6 8. e4 b5
9. Qe2 Be7 10. Qc2 O-O 11. a4 b4 12. Nd1 b3 13. Qxb3 Nxe4 14. Bd3 f5 15. Bh6
Re8 16. O-O Nd7 17. Nc3 Nxc3 18. bxc3 Bf6 19. Rae1 Rb8 20. Qc2 Ne5 21. Nxe5
Bxe5 22. Bd2 Bd7 23. Bxa6 Qa5 24. Bc4 Qxa4 25. Qxa4 Bxa4 26. f4 Bf6 27. Rxe8+
Bxe8 28. Ra1 Rb2 29. Ra2 Rxa2 30. Bxa2 Ba4 31. Kf2 Bc2 32. Bc4 Be4 33. g3 h6
34. h4 Kf7 35. Ke2 Ke7 36. Bb3 Kd8 37. c4 Ke7 38. Ba4 Bd4 39. Bb5 Bc2 40. Ba5
Bf6 41. Bd2 Kf7 42. Bd7 Bd4 1/2-1/2

[Event "X Sants Open"]
[Site "Barcelona ESP"]
[Date "2008.08.31"]
[Round "10"]
[White "Lafuente, P."]
[Black "Aroshidze, L."]
[Result "1-0"]
[WhiteElo "2505"]
[BlackElo "2547"]
[PlyCount "81"]
[EventDate "2008.08.22"]
[SourceDate "1999.07.01"]

1. d4 Nf6 2. c4 c5 3. d5 e6 4. Nc3 exd5 5. cxd5 d6 6. Nf3 g6 7. Nd2 Bg7 8. e4
O-O 9. Be2 Re8 10. O-O Na6 11. Re1 Nc7 12. a4 Rb8 13. Ra3 a6 14. a5 Bd7 15. Rb3
Qe7 16. Nc4 Nb5 17. e5 dxe5 18. Bg5 h6 19. Bxf6 Bxf6 20. Ne4 Nd4 21. Rb6 Bg7
22. Ncd6 Rf8 23. Nxc5 Bf5 24. Bc4 Qh4 25. Nxf5 gxf5 26. Nb3 Nxb3 27. Bxb3 e4
28. d6 Qf4 29. Qd5 Bxb2 30. d7 Qe5 31. Rd1 Kg7 32. Qxe5+ Bxe5 33. Rd5 Bc7 34.
Rb4 Rfd8 35. Rc4 Bf4 36. Rxf5 Bg5 37. Rd4 f6 38. h4 Bxh4 39. Rxe4 Bg5 40. Re7+
Kg6 41. Bc2 1-0

[Event "10th Open"]
[Site "Dubai UAE"]
[Date "2008.04.12"]
[Round "6"]
[White "Gupta, Ab"]
[Black "Pantsulaia, L."]
[Result "1-0"]
[WhiteElo "2521"]
[BlackElo "2617"]
[PlyCount "67"]
[EventDate "2008.04.07"]
[SourceDate "1999.07.01"]

1. d4 Nf6 2. c4 c5 3. d5 e6 4. Nc3 exd5 5. cxd5 d6 6. e4 g6 7. h3 Bg7 8. Nf3
O-O 9. Bd3 a6 10. a4 Nbd7 11. O-O Re8 12. Re1 Qe7 13. Bf4 Qf8 14. a5 Rb8 15.
Bh2 Nh5 16. Na4 Ne5 17. g4 Nxg4 18. hxg4 Bxg4 19. Bf1 f5 20. e5 dxe5 21. d6 Kh8
22. d7 Re7 23. Nxc5 Rd8 24. Qb3 f4 25. Ng5 Qf6 26. Qb6 Rexd7 27. Qxf6 Bxf6 28.
Nxd7 Rxd7 29. Ne4 Be7 30. Be2 Bf5 31. Rad1 Rc7 32. Nc3 Nf6 33. Bf3 Rc5 34. Bxf4
1-0

[Event "XI Open"]
[Site "Malaga ESP"]
[Date "2008.02.29"]
[Round "8"]
[White "Arizmendi Martinez, J."]
[Black "Almeida Quintana, O."]
[Result "1/2-1/2"]
[WhiteElo "2506"]
[BlackElo "2500"]
[PlyCount "71"]
[EventDate "2008.02.23"]
[SourceDate "1999.07.01"]

1. d4 Nf6 2. c4 e6 3. Nc3 c5 4. d5 exd5 5. cxd5 d6 6. Nf3 g6 7. Nd2 a6 8. a4
Nbd7 9. e4 Bg7 10. Be2 O-O 11. O-O Re8 12. f4 h5 13. h3 Qc7 14. Kh1 Rb8 15. Qc2
c4 16. e5 dxe5 17. Nxc4 b5 18. axb5 axb5 19. d6 Qc6 20. Nxe5 Nxe5 21. fxe5 Rxe5
22. Bf4 Bf5 23. Qd1 Ree8 24. d7 Bxd7 25. Bxb8 Rxb8 26. Bf3 Qb6 27. Nd5 Nxd5 28.
Bxd5 Be6 29. Bxe6 Qxe6 30. Ra7 Rf8 31. b3 Bc3 32. Rd7 b4 33. Rd6 Qe4 34. Rd8
Qe7 35. Rxf8+ Kxf8 36. Qd5 1/2-1/2

[Event "XXIV Open"]
[Site "Cappelle La Grande FRA"]
[Date "2008.02.18"]
[Round "4"]
[White "Ulibin, M."]
[Black "Oleksienko, M."]
[Result "1/2-1/2"]
[WhiteElo "2518"]
[BlackElo "2590"]
[PlyCount "74"]
[EventDate "2008.02.16"]
[SourceDate "1999.07.01"]

1. d4 Nf6 2. c4 c5 3. d5 e6 4. Nc3 exd5 5. cxd5 d6 6. e4 g6 7. Bd3 Bg7 8. h3
O-O 9. Nf3 a6 10. a4 Nbd7 11. O-O Nh5 12. Bg5 Bf6 13. Bh6 Bg7 14. Bg5 Bf6 15.
Bh6 Bg7 16. Bxg7 Kxg7 17. Re1 Qf6 18. a5 Rb8 19. Na4 Re8 20. Ra3 Ne5 21. Bf1
Bd7 22. Nb6 Rbd8 23. Nxe5 Rxe5 24. Rf3 Qg5 25. Nc4 Re7 26. b4 Bb5 27. bxc5 dxc5
28. g3 Bxc4 29. Bxc4 Qe5 30. Rd3 Qd6 31. f4 f6 32. Rde3 Rde8 33. Qa1 Nxf4 34.
gxf4 Qxf4 35. Qb1 Rxe4 36. Rxe4 Qg3+ 37. Kf1 Qf3+ 1/2-1/2

[Event "XXIV Open"]
[Site "Cappelle La Grande FRA"]
[Date "2008.02.22"]
[Round "8"]
[White "Malakhatko, V."]
[Black "Panarin, M."]
[Result "1/2-1/2"]
[WhiteElo "2600"]
[BlackElo "2511"]
[PlyCount "107"]
[EventDate "2008.02.16"]
[SourceDate "1999.07.01"]

1. d4 Nf6 2. c4 c5 3. d5 e6 4. Nc3 exd5 5. cxd5 d6 6. Nf3 g6 7. Nd2 Bg7 8. e4
O-O 9. Be2 Nbd7 10. O-O Re8 11. Re1 a6 12. a4 Qc7 13. Qc2 Ne5 14. b3 Nh5 15.
Bb2 Nf4 16. Bf1 f5 17. g3 Nh5 18. Be2 Nf6 19. f4 Neg4 20. Bf3 c4 21. Nxc4 Qc5+
22. Kg2 fxe4 23. Nxe4 Rxe4 24. Rxe4 Nxe4 25. Bxe4 Qxc4 26. Qxc4 Ne3+ 27. Kf2
Nxc4 28. Bxg7 Nd2 29. Bc2 Bf5 30. Bxf5 gxf5 31. Bb2 Nxb3 32. Ra3 Nd2 33. Rd3
Ne4+ 34. Ke3 Re8 35. Kf3 h5 36. h3 Kf7 37. Bd4 Rg8 38. Bf2 Rc8 39. g4 hxg4+ 40.
hxg4 Rc3 41. Rxc3 Nxc3 42. a5 fxg4+ 43. Kxg4 Nxd5 44. f5 Nb4 45. Be1 Nc6 46.
Kf4 d5 47. Bd2 d4 48. Ke4 Kf6 49. Be1 Kg5 50. Bd2+ Kf6 51. Be1 d3 52. Bc3+ Kg5
53. Bd2+ Kf6 54. Bc3+ 1/2-1/2

[Event "4th Open A"]
[Site "Moscow RUS"]
[Date "2008.02.10"]
[Round "9"]
[White "Korobov, A."]
[Black "Akopian, Vl"]
[Result "1-0"]
[WhiteElo "2573"]
[BlackElo "2700"]
[PlyCount "105"]
[EventDate "2008.02.02"]
[SourceDate "1999.07.01"]

1. d4 Nf6 2. c4 c5 3. d5 e6 4. Nc3 exd5 5. cxd5 d6 6. Nf3 g6 7. Nd2 Nbd7 8. e4
Bg7 9. Be2 O-O 10. O-O Re8 11. a4 a6 12. Qc2 Rb8 13. a5 Ne5 14. Ra3 g5 15. Re1
b5 16. axb6 Rxb6 17. Nd1 Rb4 18. Bxa6 Bxa6 19. Rxa6 Rd4 20. Ra3 c4 21. Rf1 Nfg4
22. h3 Nh6 23. Ne3 g4 24. hxg4 Qh4 25. Nf3 Nxf3+ 26. gxf3 Be5 27. Rd1 Qh3 28.
Nf1 Nxg4 29. f4 Qh4 30. fxe5 Rxd1 31. Qxd1 Qxf2+ 32. Kh1 Qh4+ 33. Kg2 Qf2+ 34.
Kh3 h5 35. Qf3 Rxe5 36. Bf4 Rxe4 37. Qxe4 Qxf1+ 38. Kh4 Qf2+ 39. Bg3 Qxb2 40.
Ra8+ Kg7 41. Qf5 Nh6 42. Qg5+ Kh7 43. Re8 Qb1 44. Qf4 Qh1+ 45. Bh2 Kg7 46. Qd4+
Kg6 47. Qe4+ Nf5+ 48. Kh3 Qd1 49. Bg3 Qf1+ 50. Kh2 Kg7 51. Qg2 Qxg2+ 52. Kxg2
c3 53. Bf2 1-0

[Event "Guernsey Open"]
[Site "Guernsey GCI"]
[Date "2008.10.24"]
[Round "6"]
[White "Hillarp Persson, T."]
[Black "Spraggett, K."]
[Result "1-0"]
[WhiteElo "2543"]
[BlackElo "2597"]
[PlyCount "69"]
[EventDate "2008.10.19"]
[SourceDate "1999.07.01"]

1. d4 Nf6 2. c4 e6 3. Nc3 c5 4. d5 exd5 5. cxd5 d6 6. e4 g6 7. Nge2 Bg7 8. Ng3
O-O 9. Be2 a6 10. a4 Nbd7 11. O-O Re8 12. f3 h5 13. Bg5 Qa5 14. f4 Nh7 15. Bh4
Bd4+ 16. Kh1 Ndf6 17. h3 Bd7 18. Bd3 Qb4 19. Nge2 Rac8 20. Be1 Qb6 21. Bc2 Be3
22. a5 Qa7 23. Rf3 c4 24. Bh4 b5 25. axb6 Qxb6 26. Ra2 Bb5 27. Qe1 Bc5 28. Qg3
Nd7 29. f5 Ne5 30. fxg6 fxg6 31. Nf4 Rc7 32. Nxh5 Nxf3 33. Qxg6+ Kf8 34. Qh6+
Kg8 35. Nf6+ 1-0

[Event "8th Amplico AIG Life Rapid"]
[Site "Warsaw POL"]
[Date "2008.12.20"]
[Round "5"]
[White "Portisch, L."]
[Black "Wojtaszek, R."]
[Result "0-1"]
[WhiteElo "2513"]
[BlackElo "2599"]
[PlyCount "90"]
[EventDate "2008.12.20"]
[SourceDate "1999.07.01"]

1. d4 Nf6 2. c4 c5 3. d5 e6 4. Nc3 exd5 5. cxd5 d6 6. Nf3 g6 7. e4 Bg7 8. Be2
O-O 9. O-O Re8 10. Qc2 Na6 11. Re1 Nb4 12. Qb3 Ng4 13. a3 Na6 14. Bg5 Bf6 15.
Bf4 Nc7 16. h3 Ne5 17. Nxe5 Bxe5 18. Bxe5 Rxe5 19. f4 Re8 20. Bf3 Qh4 21. Ne2
Rb8 22. Qc3 b6 23. Kh2 Nb5 24. Qd2 f5 25. exf5 Bxf5 26. a4 Rxe2 27. Bxe2 Nd4
28. Bd1 Rf8 29. Ra3 Bc8 30. Rf1 Bb7 31. Rg3 Bxd5 32. f5 Be4 33. Rf4 Qh6 34. Qf2
Rxf5 35. Rxf5 Nxf5 36. Rg4 d5 37. Bf3 Qe3 38. Qxe3 Nxe3 39. Rf4 Bc2 40. Bg4
Nxg4+ 41. hxg4 d4 42. a5 bxa5 43. Rf2 d3 44. Kg3 c4 45. Kf4 a4 0-1

[Event "TCh-NED 2008-9"]
[Site "Netherlands NED"]
[Date "2008.11.22"]
[Round "3"]
[White "Sokolov, Iv NED"]
[Black "Berelowitsch, A."]
[Result "1/2-1/2"]
[WhiteElo "2658"]
[BlackElo "2557"]
[PlyCount "84"]
[EventDate "2008.09.27"]
[SourceDate "1999.07.01"]

1. d4 Nf6 2. c4 e6 3. Nc3 c5 4. d5 exd5 5. cxd5 d6 6. h3 g6 7. Nf3 Bg7 8. Bf4
O-O 9. e3 Na6 10. Bc4 Nc7 11. a4 Re8 12. O-O a6 13. Re1 Rb8 14. a5 b5 15. axb6
Rxb6 16. e4 Rxb2 17. e5 Rb4 18. exd6 Na8 19. Ne5 Rxe5 20. Bxe5 Rxc4 21. Qe2 Nb6
22. Rab1 Rb4 23. Bxf6 Bxf6 24. Ne4 Rxb1 25. Nxf6+ Qxf6 26. Rxb1 Qxd6 27. Rxb6
Qxb6 28. Qe8+ Kg7 29. Qxc8 Qb4 30. Qc7 Qe1+ 31. Kh2 Qxf2 32. d6 Qf4+ 33. g3
Qf2+ 34. Kh1 Qxg3 35. Qxc5 Qxh3+ 36. Kg1 Qg4+ 37. Kf1 h5 38. Qe5+ Kh7 39. Qe7
Qc4+ 40. Kg2 Qd5+ 41. Kf1 Qf3+ 42. Kg1 Qg3+ 1/2-1/2

[Event "25th Open"]
[Site "Cappelle la Grande FRA"]
[Date "2009.03.02"]
[Round "4"]
[White "Iturrizaga, E."]
[Black "Kononenko, Dmitry1"]
[Result "1/2-1/2"]
[WhiteElo "2528"]
[BlackElo "2574"]
[PlyCount "31"]
[EventDate "2009.02.28"]
[SourceDate "1999.07.01"]

1. d4 Nf6 2. c4 c5 3. d5 e6 4. Nc3 exd5 5. cxd5 d6 6. e4 g6 7. Nf3 Bg7 8. Be2
O-O 9. O-O Bg4 10. Re1 Re8 11. h3 Bxf3 12. Bxf3 Nbd7 13. Bf4 Ne5 14. Be2 Rc8
15. a4 c4 16. Be3 1/2-1/2

[Event "5th Karen Asrian Memorial"]
[Site "?"]
[Date "2012.??.??"]
[Round "5"]
[White "Kotanjian, T."]
[Black "Arutinian, D."]
[Result "0-1"]
[WhiteElo "2520"]
[BlackElo "2560"]
[PlyCount "81"]
[EventDate "2012.??.??"]
[SourceDate "1999.07.01"]

1. d4 Nf6 2. c4 c5 3. d5 e6 4. Nc3 exd5 5. cxd5 d6 6. Nf3 g6 7. Bf4 a6 8. a4
Bg7 9. h3 O-O 10. e3 Ne8 11. Be2 Nd7 12. O-O Qe7 13. a5 b5 14. axb6 Nxb6 15.
Ra2 Nc7 16. e4 Nd7 17. Re1 Rb8 18. Bc4 Ne5 19. Nxe5 Bxe5 20. Bd2 Qh4 21. Bf1
Re8 22. g3 Qf6 23. f4 Bd4+ 24. Kh2 h5 25. Bg2 Bd7 26. Ne2 Bxb2 27. Qc2 Bd4 28.
Nxd4 Qxd4 29. Bc3 Qc4 30. Bf1 Qb3 31. Qd2 Nxd5 32. Ba1 Qb4 33. Qc1 Rxe4 34. Rd1
Ne3 35. Rb2 Nxf1+ 36. Kg1 Qxb2 37. Bxb2 Nxg3 38. Kf2 Rb3 39. Re1 Bc6 40. Qc2
Rxf4+ 41. Kg1 0-1